000 01170nam a22002177a 4500
003 St Aloysius Coll
005 20260130123339.0
008 251128b |||||||| |||| 00| 0 eng d
020 _a9780199498741
040 _cAL
041 _aEnglish
082 _a620.8
_bSURB
100 _aSuraishkumar G K
_9247112
245 _aBiology for engineers
260 _aNew Delhi
_bOxford University Press
_c2019
300 _avii,221p
_bPB
_c24x18cm.
365 _2General
_aXNRF-1358090
_c
_f13/11/2025
_b₹372.00
520 _aAdopts a narrative presentation to ensure ease of learning for students from varied engineering streams Provides reflection points interspersed in every chapter to kindle further interest in the students' mind Includes additional information at the end of each chapter to encourage deeper and wider learning Provides chapter-end multiple-choice questions (MCQs) for summative assessment of learnt concepts Includes glossary of key terms Contains appendices discussion topics, such as Gram Staining, Glycolysis, Derivation of the Michaelis-Menten equation, and Genetic Modi.
650 _2Biology
_aEngineering
_9247113
942 _2ddc
_cBK
999 _c240687
_d240687